000 00796nam1a22002771 4500
001 RU\NLR\A1SV\117695
005 20251203171251.9
035 _a(NLR Aleph) 010438404
090 _a9881163
_c9881163
100 _a20130403d1923 u y0rusy50 ca
101 0 _arus
102 _aRU
200 1 _aТактика
_fА.Н. Суворов
210 _aПг.
_cВоен. изд-во Петроград. воен. окр.
_d1923
215 _d23 см
620 _dСанкт-Петербург
700 1 _aСуворов
_bА.Н.
_f1873-1938
_gАндрей Николаевич
801 0 _aRU
_bNLR
_c20130403
852 _aNLR
_j14/146
852 _aNLR
_j14/146а
899 _aРГБ
899 _aКирОУНБ
_z(ч.1, вып.2)
942 _cBOOK
980 _aNB
980 _aA1SV